01548 2200241 4500001002100000005001500021035002000036007000300056008004100059020002200100245009000122250001000212260003800222300003200260650001400292650002200306700002500328082001700353084002100370111005700391520083600448990002201284INLIS00000000000567720260408110042 a0010-0226000005ta260408 0 ind  a978-979-582-372-81 aCetak Sawah Jaminan Swasembada Pangan Jangka Panjang /cAndi Amran Sulaiman...[et.al] aEd. 1 aJakarta :bPertanian Press,c2025 axii, 121 hal.; ilus.; 21 cm 4aPertanian 4aSwasembada Pangan0 aSULAIMAN, Andi Amran a631.6:338.43 a631.6:338.43 CET0 aCetak Sawah Jaminan Swasembada Pangan Jangka Panjang aPenguatan ketahanan pangan nasional memerlukan perbaikan menyeluruh terhadap sistem produksi tanaman pangan dari hulu hingga hilir. Upaya tersebut mencakup penyediaan dan pengelolaan lahan secara terencana, serta dukungan sarana dan prasarana yang memadai agar kegiatan budidaya dapat berlangsung optimal, efisien, dan berkelanjutan. Perbaikan sistem produksi menjadi fondasi dalam meningkatkan kapasitas produksi serta menjamin ketersediaan pangan secara stabil. Dalam rangka mendukung hal tersebut, pemerintah melaksanakan kebijakan perluasan areal tanam melalui program ekstensifikasi, salah satunya melalui pencetakan sawah baru. Program ini diarahkan untuk menambah luas baku lahan pertanian sekaligus memperkuat basis produksi tanaman pangan nasional sebagai bagian dari strategi menjaga dan meningkatkan ketahanan pangan. a5109/BPPSDMP/2026